Statystyki dla Najpopularniejsze religie świata

Kliknij tutaj aby rozwiązać quiz!

Ogólne statystyki

  • Ten quiz został rozwiązany 446 razy
  • Średni wynik to 5 z 15

Statystyki odpowiedzi

HintOdpowiedź% Poprawnych
.chrześcijaństwo
95%
.islam
88%
.buddyzm
83%
.hinduizm
67%
.judaizm
65%
.sikhizm
17%
.taoizm
17%
.bahaizm
12%
.konfucjanizm
9%
.animizm
7%
.jezydyzm
1%
.mazdaizm
1%
.mazdakizm
1%
.mitraizm
1%
.santeria
1%

Rozkład punktacji

Percentyl według liczby udzielonych odpowiedzi

Procent ludzi z każdym wynikiem

Twoja historia wyników

Nie rozwiązałeś tego quizu